000 00669nam a22002057a 4500
003 OSt
005 20250630023344.0
008 250630b |||||||| |||| 00| 0 eng d
020 _a978-981-4524-20-9
040 _aDWCL - Main lib
_cOC
082 _aCirc. 658.78 R813d 2016
100 _aRosenbloom, Bert
245 _aDistribution management/
_cBert Rosenbloom
250 _aPhilippine edition
260 _aSingapore:
_bCengage Learning Asia Pte Ltd.,
_cc2016
300 _axxi, 660 pages:
_b illustration;
_c25cm.
504 _aIncludes index
650 _a1. Physical distribution of good- management
942 _2ddc
_cBK-CIRC
_ePhilippine edition
_kCirc.
_n0
999 _c3295
_d3295